000 01023nam1a22002531 4500
001 rc\3000845
005 20110920130646.4
035 _a(NLR Aleph) 007143985
090 _a7084066
_c7084066
100 _a20110920d1935 |||y0rusy50 ca
101 0 _arus
102 _aRU
105 _ay z |||||
200 1 _aМетодическое письмо № ... по курсу высшей алгебры
_e№ 1-
_fСост. Кузнецов, Г.П.
_gЛенингр. гос. заоч. ун-т. Курсы по высш. математике и теорет. механике для инж.
210 _a[Ленинград]
_cЛГЗУ
_d[1935]
_gполигр. лаб. ЛГУ
215 _d29х21 см
300 _aСтеклогр. изд.
702 1 _aКузнецов
_bГ. П.
_gГеоргий Порфирьевич
_4220
710 0 2 _aЛенинградский заочный университет
801 0 _aRU
_bNLR
_gpsbo
801 1 _aRU
_bELAR
_2rusmarc
852 _aNLR
_j35-20/48(1)
942 _cBOOK
980 _aNB